For alma mater : (Record no. 62)
[ view plain ]
| 000 -LEADER | |
|---|---|
| fixed length control field | 00724cam a2200229 a 4500 |
| 001 - CONTROL NUMBER | |
| control field | 3314411 |
| 005 - DATE AND TIME OF LATEST TRANSACTION | |
| control field | 20231123014922.0 |
| 008 - FIXED-LENGTH DATA ELEMENTS--GENERAL INFORMATION | |
| fixed length control field | 840928s1985 iluaf b s000 0 eng |
| 020 ## - INTERNATIONAL STANDARD BOOK NUMBER | |
| ISBN | 0252011783 (alk. paper) |
| 040 ## - CATALOGING SOURCE (பட்டியலாக்க மூலம்) | |
| Original cataloging agency | DLC |
| Transcribing agency | DLC |
| Modifying agency | DLC |
| 082 00 - DDC Classification | |
| Class No. | 305.4/07/1173 |
| DDC Edition Number | 19 |
| 245 00 - TITLE STATEMENT | |
| Title | For alma mater : |
| Remainder of title | theory and practice in feminist scholarship / |
| Statement of responsibility, etc. | edited by Paula A. Treichler, Cheris Kramarae, Beth Stafford. |
| 260 ## - PUBLICATION, DISTRIBUTION, ETC. | |
| Place of publication, distribution, etc. | Urbana : |
| Name of publisher, distributor, etc. | University of Illinois Press, |
| Date of publication, distribution, etc. | c1985. |
| 300 ## - PHYSICAL DESCRIPTION | |
| Extent (e.g. Volumes, Pages etc.) | xv, 450 p., [10] p. of plates : |
| 650 #0 - SUBJECT ADDED ENTRY--TOPICAL TERM | |
| Topical term or geographic name entry element | Women's studies |
| 650 #0 - SUBJECT ADDED ENTRY--TOPICAL TERM | |
| Topical term or geographic name entry element | Feminism |
| 650 #0 - SUBJECT ADDED ENTRY--TOPICAL TERM | |
| Topical term or geographic name entry element | Women |
| 700 1# - ADDED ENTRY--PERSONAL NAME | |
| Personal name | Treichler, Paula A. |
| Relator term (Role) | Editor |
| 700 1# - ADDED ENTRY--PERSONAL NAME | |
| Personal name | Kramarae, Cheris. |
| Relator term (Role) | Editor |
| 700 1# - ADDED ENTRY--PERSONAL NAME | |
| Personal name | Stafford, Beth. |
| Relator term (Role) | Editor |
| 942 ## - Koha item type (Biblio) | |
| Koha item type | Books in Stacks (Lending) |
| Lost status | Damaged status | Collection code | Home library | Current library | Date acquired | Full call number | Accession Number | Item type |
|---|---|---|---|---|---|---|---|---|
| Lending | WERC Library | WERC Library | 11/23/2023 | 305.4/07/1173 | 2020 | Books in Stacks (Lending) |
